Implementácia výrobného procesu do SCADA systému v prostredí AVEVA System Platform

Uložené v:
Podrobná bibliografia
Hlavný autor: Jančík, Karol (Autor)
Ďalší autori: Cigánek, Ján (Vedúci práce)
Médium: Rukopis Kniha
Jazyk:Slovak
Vydavateľské údaje: 2025
Predmet:
On-line prístup:http://is.stuba.sk/zp/portal_zp.pl?podrobnosti=184456
Tagy: Pridať tag
Žiadne tagy, Buďte prvý, kto otaguje tento záznam!

MARC

LEADER 00000ntm a22000003a 4500
001 stuzp103933
003 SK-STU
005 20250614212413.7
007 ta
008 150427s2015----xo-----f-mn---000-0-slo-d
040 |a STU  |b slo 
041 0 |a slo 
100 1 |a Jančík, Karol  |u 030400  |4 aut  |U FEI Fakulta elektrotechniky a informatiky  |T FEI Ústav automobilovej mechatroniky  |X 102818  |U E400  |Y 642  |7 102818 
242 0 1 |a Implementation of production process into SCADA system in AVEVA System Platform environment  |y eng 
245 1 0 |a Implementácia výrobného procesu do SCADA systému v prostredí AVEVA System Platform 
260 |c 2025 
650 4 |a SCADA  |2 eng 
650 4 |a HMI  |2 eng 
650 4 |a AVEVA  |2 eng 
650 4 |a MQTT  |2 eng 
650 4 |a AVEVA  |2 slo 
650 4 |a SCADA  |2 slo 
650 4 |a MQTT  |2 slo 
650 4 |a HMI  |2 slo 
700 1 |a Cigánek, Ján  |u 030400  |k Z1  |4 ths  |U FEI Fakulta elektrotechniky a informatiky  |T FEI Ústav automobilovej mechatroniky  |X 10327  |U E400  |Y 642  |7 10327 
856 4 |u http://is.stuba.sk/zp/portal_zp.pl?podrobnosti=184456